000 00491nam a22001697a 4500
999 _c41076
_d41076
003 OSt
005 20210305140625.0
008 210305b ||||| |||| 00| 0 eng d
020 _a9780199553648
040 _coclc
082 _a144
_bLAW/H
100 _98515
_aLaw, Stephen
245 _aHumanism :
_bA Very Short Introduction /
_cStephen Law
260 _aNew York:
_bOxford University Press,
_c2011.
300 _a150p
942 _2ddc
_cBK
_h144
_iLAW/H
_k144
_mLAW/H